| 000 | 00342nmm a2200145 a 4500 | ||
|---|---|---|---|
| 003 | AR-BaBNM | ||
| 005 | 20251128203135.0 | ||
| 008 | 054019s1901 ||||||||||||||000 | spa|| | ||
| 040 | _cAR-BaBNM | ||
| 100 | 1 |
_aSenet, Rodolfo _d1872-1938 |
|
| 245 | 1 | 0 | _aEvolución y educación |
| 260 |
_a[S.l.] _bSesé _c1901 |
||
| 942 | _cBK | ||
| 998 | _cPicasso | ||
| 999 |
_c2092 _d2092 |
||